Statistics for Railway Stations on South Western Main Line

Click here to take the quiz!

General Stats

  • This quiz has been taken 175 times
  • The average score is 29 of 54

Answers on the Map

Answers color-coded by a green-red scale on the quiz's map according to % correct below.
 

Answer Stats

LineStation NameStation Code% Correct
SWMLWaterlooWAT
96%
SWMLClapham JunctionCLJ
93%
SWMLVauxhallVXH
87%
SWMLWimbledonWIM
86%
SWMLWokingWOK
82%
SWMLSurbitonSUR
74%
SWMLWeymouthWEY
74%
SWMLBasingstokeBSK
72%
SWMLBournemouthBMH
71%
SWMLSouthampton Airport ParkwaySOA
68%
SWMLSouthampton CentralSOU
68%
SWMLPoolePOO
67%
SWMLEarlsfieldEAD
65%
SWMLWinchesterWIN
63%
SWMLQueenstown Road (Battersea)QRB
62%
SWMLRaynes ParkRAY
62%
SWMLNew MaldenNEM
61%
SWMLWest ByfleetWBY
61%
SWMLBerrylandsBRS
57%
SWMLWeybridgeWYB
57%
SWMLWalton-on-ThamesWAL
56%
SWMLByfleet & New HawBFN
55%
SWMLFarnborough (Main)FNB
55%
SWMLEastleighESL
53%
SWMLBrockenhurstBCU
51%
SWMLFleetFLE
51%
SWMLChristchurchCHR
50%
SWMLEsherESH
49%
SWMLDorchester SouthDCH
47%
SWMLHershamHER
47%
SWMLWarehamWRM
46%
SWMLHookHOK
45%
SWMLBrookwoodBKO
44%
SWMLMicheldeverMIC
44%
SWMLUpweyUPW
44%
SWMLWoolWOO
44%
SWMLNew MiltonNWM
43%
SWMLSt DenysSDN
43%
SWMLSwaySWY
42%
SWMLBeaulieu RoadBEU
41%
SWMLPokesdownPOK
41%
SWMLTottonTTN
40%
SWMLBranksomeBSM
39%
SWMLHamworthyHAM
39%
SWMLHinton AdmiralHNA
39%
SWMLShawfordSHW
39%
SWMLWinchfieldWNF
39%
SWMLAshurst (New Forest)ANF
38%
SWMLParkstonePKS
38%
SWMLRedbridge (Hants)RDB
38%
SWMLMillbrook (Hants)MBK
36%
SWMLSwaythlingSWG
36%
SWMLHolton HeathHOL
31%
SWMLMoreton (Dorset)MTN
31%

Score Distribution

Percentile by Number Answered

Percent of People with Each Score

Your Score History

You have not taken this quiz